| 000 | 00695nam a2200181 i 4500 | ||
|---|---|---|---|
| 001 | 149819 | ||
| 003 | ES-MaACL | ||
| 005 | 20251118191529.0 | ||
| 007 | t| | ||
| 008 | 071024s1939 sp ||||1| spa d | ||
| 100 | 1 |
_aValls i Taberner, Ferran. _9112942 |
|
| 245 | 1 | 0 |
_aBalmes ante el problema constitucional de España _b: discurso leído por... D. Fernando Valls y Taberner... en el... Ayuntamiento de Vich, el día 12 de julio de 1939... en la fiesta conmemorativa dedicada a Balmes. |
| 260 |
_a[Vich : _bs.n., _c1939] ( _fImp. Vda. de L. Anglada) |
||
| 300 |
_a23 p. ; _c21 cm. |
||
| 600 | 1 | 4 |
_aBalmes, Jaime, _d1810-1848 _925096 |
| 852 |
_aES-MaACL _j1819-F-18 |
||
| 999 |
_c149819 _d149819 |
||